000 00328nam a2200133 i 4500
001 bg
100 1 _aKOZUBOWSKI, Jan
245 0 _aMetody transmisyjnej mikroskopii elektronowej /
_cJan Kozubowski.
260 _aKatowice,
_c1975.
040 _cBPK
041 _apol
942 _cKS
008 s pl f |000 0 pol
999 _c26825
_d26825
856 _uhttp://koha.tu.koszalin.pl/cgi-bin/koha/opac-detail.pl?biblionumber=26825
_yKatalog online BPK